000 00336nam a22001457a 4500
008 221012b ||||| |||| 00| 0 eng d
020 _a013389925
041 _aeng
080 _2SEVENTH EDITION
_a7
082 _a7 WIN
100 _a21.1
101 _aART
245 _aA HISTORY OF CIVILIZATION
_cWINKS / BRINTON
942 _2udc
_cBK
999 _c58511
_d58511